Общий и таможенный менеджмент: учебное пособие для вузов

Detaylı Bibliyografya
Yazar: Бондарева А. В. Антонина Васильевна
Diğer Yazarlar: Зубченко И. Н. Ирина Николаевна
Özet:В учебном пособии дается основополагающее представление о «менеджменте» как о целенаправленном воздействии на людей с целью превращения неорганизованных элементов в эффективную и производительную силу, о сущности, содержании и характеристиках процесса управления и принятии управленческих решений. Изложены основные положения менеджмента применительно к таможенной службе, рассматриваются существующие модели таможенного дела, а также подходы к формированию показателей и критериев оценки эффективности таможенной деятельности. Для студентов, обучающихся по направлению подготовки (специальности) 036401 «Таможенное дело», а также аспирантов и специалистов, работающих во внешнеэкономической сфере.
Dil:Rusça
Baskı/Yayın Bilgisi: Санкт-Петербург, Троицкий мост, 2013
Konular:
Materyal Türü: Kitap
KOHA link:https://koha.lib.tpu.ru/cgi-bin/koha/opac-detail.pl?biblionumber=233297

MARC

LEADER 00000nam0a2200000 4500
001 233297
005 20231101231233.0
010 |a 9785437700303 
035 |a (RuTPU)RU\TPU\book\254373 
090 |a 233297 
100 |a 20130301d2013 m y0rusy50 ca 
101 0 |a rus 
102 |a RU 
105 |a a j 001zy 
200 1 |a Общий и таможенный менеджмент  |e учебное пособие для вузов  |f А. В. Бондарева, И. Н. Зубченко 
210 |a Санкт-Петербург  |c Троицкий мост  |d 2013 
215 |a 416 с.  |c ил. 
320 |a Библиогр.: с. 414-415. 
320 |a Глоссарий: с. 410-413. 
330 |a В учебном пособии дается основополагающее представление о «менеджменте» как о целенаправленном воздействии на людей с целью превращения неорганизованных элементов в эффективную и производительную силу, о сущности, содержании и характеристиках процесса управления и принятии управленческих решений. Изложены основные положения менеджмента применительно к таможенной службе, рассматриваются существующие модели таможенного дела, а также подходы к формированию показателей и критериев оценки эффективности таможенной деятельности. Для студентов, обучающихся по направлению подготовки (специальности) 036401 «Таможенное дело», а также аспирантов и специалистов, работающих во внешнеэкономической сфере. 
606 1 |a Таможенное дело  |x Экономика  |2 stltpush  |3 (RuTPU)RU\TPU\subj\69328  |9 84236 
610 1 |a таможенный менеджмент 
610 1 |a управление 
610 1 |a теория 
610 1 |a методология 
610 1 |a организация 
610 1 |a организационная культура 
610 1 |a принципы 
610 1 |a функции 
610 1 |a мотивация 
610 1 |a методы 
610 1 |a организационные коммуникации 
610 1 |a управленческие решения 
610 1 |a групповая динамика 
610 1 |a власть 
610 1 |a личность 
610 1 |a лидерство 
610 1 |a ситуационный подход 
610 1 |a конфликты 
610 1 |a стресс 
610 1 |a стресс-менеджмент 
610 1 |a таможенные органы 
610 1 |a таможенные процедуры 
610 1 |a таможеная организаци 
610 1 |a инновационные модели 
610 1 |a таможенная деятельность 
610 1 |a показатели 
610 1 |a кадровый менеджмент 
610 1 |a учебные пособия 
686 |a У9(2)428я73  |v LBC/SL-A  |2 rubbk 
700 1 |a Бондарева  |b А. В.  |g Антонина Васильевна 
701 1 |a Зубченко  |b И. Н.  |g Ирина Николаевна 
801 1 |a RU  |b 63413507  |c 20130301 
801 2 |a RU  |b 63413507  |c 20150602  |g RCR 
900 |a Таможенный менеджмент 
942 |c BK 
951 |b 036401 
959 |a 49/20130301  |d 2  |e 595,00  |f ЧЗГЛ:1  |f АНЛ:1